A Guide to Plane Algebraic Curves/ (Record no. 189716)

MARC details
000 -LEADER
fixed length control field 00616nam a2200181 4500
005 - DATE AND TIME OF LATEST TRANSACTION
control field 20220711160809.0
010 ## - LCCN (DPL NO)
LC control number ENG-133463
020 ## - INTERNATIONAL STANDARD BOOK NUMBER
International Standard Book Number 9789393330130
Terms of availability 350.00
035 ## - SYSTEM CONTROL NUMBER
System control number EN-116995
037 ## - SOURCE OF ACQUISITION
Source of stock number/acquisition DBAD/PUB
082 ## - DEWEY DECIMAL CLASSIFICATION NUMBER
Classification number 516.352
100 ## - MAIN ENTRY--PERSONAL NAME
Personal name Kendig, Keith
245 ## - TITLE STATEMENT
Title A Guide to Plane Algebraic Curves/
Statement of responsibility, etc Keith Kendig
260 ## - PUBLICATION, DISTRIBUTION, ETC. (IMPRINT)
Place of publication, distribution, etc Telangana
Name of publisher, distributor, etc Universities Press (India) Pvt. Ltd.
Date of publication, distribution, etc 2011
270 ## - ADDRESS
Address 3-6-747/1/A & 3-6-754/1 Himayantnagar, Hyderabad
City Telangana
Postal code 500029
Electronic mail address info@universitiespress.com
300 ## - PHYSICAL DESCRIPTION
Extent 193p.
Dimensions 23cm(pbk)
Other physical details Bibliography, Index
942 ## - ADDED ENTRY ELEMENTS (KOHA)
Source of classification or shelving scheme Dewey Decimal Classification
Item type English Books
Classification part 516.352
Call number suffix KEN
Holdings
Withdrawn status Lost status Not for loan Collection code Home library Current library Date acquired Source of acquisition Cost, normal purchase price Full call number Barcode Copy number Cost, replacement price Koha item type
      Non-fiction Sarojini Nagar Sarojini Nagar 11/07/2022 DBAD/PUB 350.00 516.352 KEN EN-116995 1 350.00 English Books

© Delhi Public Library
Hit Counter
free hit counter